Sistemas de tanques sépticos
Đã lưu trong:
| Tác giả chính: | |
|---|---|
| Tác giả khác: | |
| Định dạng: | Sách |
| Được phát hành: |
México : Centro Regional de Ayuda Técnica, Agencia para el Desarrollo Internacional
1975
|
| Những chủ đề: | |
| Các nhãn: |
Thêm thẻ
Không có thẻ, Là người đầu tiên thẻ bản ghi này!
|
MARC
| LEADER | 00000nam a2200000Ia 4500 | ||
|---|---|---|---|
| 003 | 0003000 | ||
| 005 | 20221231143953.0 | ||
| 008 | 140114s1975 m a 000 ||s d | ||
| 040 | |c cru CEDI | ||
| 082 | |a 628.742 C847s | ||
| 100 | |a Cotteral, Joseph A |9 18330 | ||
| 245 | |a Sistemas de tanques sépticos | ||
| 260 | |a México : Centro Regional de Ayuda Técnica, Agencia para el Desarrollo Internacional |c 1975 | ||
| 300 | |a 30 páginas : ilustraciones | ||
| 500 | |a División de Ingeniería Sanitaria. Procedimientos de la Sociedad Norteamericana de Ingenieros Civiles. Traducción de: Septic tank systems. | ||
| 650 | |x TANQUES SEPTICOS |9 18332 | ||
| 700 | |9 18331 |a Norris, Dan P | ||
| 942 | |c BK |2 ddc | ||
| 999 | |c 14980 |d 14980 | ||
